000
00284nam a22001217a 4500
008
170609b xxu||||| |||| 00| 0 eng d
041
_a
eng
080
_a
32
100
_a
19
101
_a
SHP
245
_a
SOURCES IN TWENTIETH-CENTURY POLITICAL THOUGHT
_c
HENYR,K.S
942
_2
udc
_c
BK
999
_c
16745
_d
16745